| 000 | 00456nam a22001817a 4500 | ||
|---|---|---|---|
| 003 | GBCCL | ||
| 005 | 20251202135226.0 | ||
| 008 | 180629b ||||| |||| 00| 0 eng d | ||
| 020 | _a20ZOUQ009 | ||
| 040 | _cgbc | ||
| 082 |
_aVER 225.5954 _bZOU 1 |
||
| 245 | _aThuhan tha | ||
| 260 |
_aBangalore: _bBible Society of India |
||
| 300 |
_a402 p.; _bmaps, _c21 cm. |
||
| 650 |
_aBible _xNew Testament _911333 |
||
| 650 |
_aBible (Zou) _912265 |
||
| 942 |
_2ddc _cREF |
||
| 999 |
_c6844 _d6844 |
||